00841nam a22002297a 45000010005000000030006000050050017000110080041000280200018000690400029000870820012001161000020001282450058001482600047002063000043002534900026002965050007003225200214003295210018005435210018005616500032005793243FISKH20240221152046.0240221b cb ||||| |||| 00| 0 eng d a9781408341100 aFISKHbengcFISKHdFISKH a823.92  aMeadows, Daisy  aLottie little stripe's midnight plan /cDaisy Meadows aLondon : bHachette Children Book, c2016. a104 pages : billustrations ; c20 cm  aMagic Animal Friends  aP  a"When wicked witch Grizelda casts a spell on the Sweet Dreams Tree, the animals can't sleep! Can Lily, Jess and baby badger Lottie Littlestripe stop Friendship Forest from becoming a nightmare?" -- Back cover.8 a640 bLexile 8 aP bRaz-Plus  aFantasy vFictionyAnimal